[Event "DEM U10 2012"]
[Site "Oberhof GER"]
[Date "2012.05.30"]
[Round "6"]
[White "Huber, Benedikt"]
[Black "Heckmann, Till"]
[Result "1/2-1/2"]
[Termination "normal"]
[Board "25"]
[WhiteElo "1121"]
[BlackElo "1282"]
[PlyCount "62"]
[WhiteFideId "12923583"]
[BlackFideId "12987093"]
[EventCountry "GER"]
[EventRounds "11"]
[EventType "swiss"]
[EventDate "2012.05.26"]

1. d4 c5 2. Nf3 cxd4 3. Nxd4 Nf6 4. c4 a6 5. Nc3 e6 6. Bg5 Bc5 7. Nf3 Nc6 8. e3
O-O 9. a3 Be7 10. Be2 Qc7 11. O-O b6 12. e4 e5 13. Nd5 Nxd5 14. Qxd5 Bxg5 15.
Nxg5 Bb7 16. Qd3 Nd4 17. Bg4 h6 18. Nf3 Nxf3+ 19. Bxf3 Rfd8 20. Rfd1 Rac8 21.
Rac1 b5 22. b3 Qb6 23. Rb1 d6 24. Bg4 Rc7 25. Rd2 Bc8 26. Bf3 Be6 27. Be2 Rb7
28. Rdd1 Rdd7 29. Qc2 Qc7 30. h3 d5 31. exd5 Bxd5 1/2-1/2

[Event "DEM U10 2012"]
[Site "Oberhof GER"]
[Date "2012.05.30"]
[Round "6"]
[White "Schmidtmann, Samantha"]
[Black "Mertens, Yannick"]
[Result "0-1"]
[Termination "normal"]
[Board "26"]
[WhiteElo "1109"]
[BlackElo "1701"]
[PlyCount "150"]
[WhiteFideId "12956759"]
[BlackFideId "12947865"]
[EventCountry "GER"]
[EventRounds "11"]
[EventType "swiss"]
[EventDate "2012.05.26"]

1. e4 e6 2. d4 d5 3. e5 c5 4. c3 Nc6 5. Nf3 Qb6 6. Be2 cxd4 7. cxd4 Nge7 8. b3
Nf5 9. Bb2 Bb4+ 10. Kf1 Be7 11. g3 Bd7 12. Qd2 Rc8 13. Kg2 O-O 14. Rf1 Rfe8 15.
Kh1 Bb4 16. Qd3 Be7 17. a3 f6 18. g4 Nh6 19. Nbd2 fxe5 20. dxe5 Rf8 21. h3 Nf7
22. Bd1 Nb4 23. Qe3 Qxe3 24. fxe3 Nc2 25. Bxc2 Rxc2 26. Rab1 Bb5 27. Rfc1 Rfc8
28. Kg1 Ng5 29. Kg2 Bd7 30. Rd1 Nxf3 31. Kxf3 Bc6 32. Kg3 Bg5 33. Bd4 b6 34.
Rbc1 Bb5 35. Rxc2 Rxc2 36. Nf3 Be7 37. a4 Bd7 38. Rf1 Rc8 39. Ne1 Rc1 40. Kg2
Rb1 41. Nf3 Rxb3 42. a5 bxa5 43. Bxa7 a4 44. Bd4 a3 45. Nd2 Rb5 46. Ra1 Rb7 47.
Kf3 Kf7 48. Kf4 Kg6 49. e4 Bg5+ 50. Kf3 Bxd2 51. Rxa3 dxe4+ 52. Kxe4 Bg5 53.
Ra2 Rb4 54. Kd3 Bb5+ 55. Kc3 Rc4+ 56. Kd3 Ra4+ 57. Kc3 Rxa2 58. Kb4 Ra4+ 59.
Kc5 Be7+ 60. Kxb5 Rxd4 61. Kc6 Rd3 62. Kc7 Rxh3 63. Kd7 Kf7 64. Kc7 Re3 65. Kd7
Rxe5 66. Kc6 Ra5 67. Kb6 Rc5 68. Kb7 e5 69. Kb6 e4 70. g5 e3 71. g6+ hxg6 72.
Kb7 e2 73. Ka6 e1=Q 74. Kb6 Qb4+ 75. Ka6 Ra5# 0-1

[Event "DEM U10 2012"]
[Site "Oberhof GER"]
[Date "2012.05.30"]
[Round "6"]
[White "Becker, Silke"]
[Black "Von Jan, Lena"]
[Result "1/2-1/2"]
[Termination "normal"]
[Board "27"]
[WhiteElo "1222"]
[BlackElo "1003"]
[PlyCount "46"]
[WhiteFideId "12966452"]
[BlackFideId "12946060"]
[EventCountry "GER"]
[EventRounds "11"]
[EventType "swiss"]
[EventDate "2012.05.26"]

1. e4 e5 2. Bc4 Nf6 3. d3 d5 4. exd5 Nxd5 5. Nf3 Nc6 6. O-O Bc5 7. Nxe5 Nxe5 8.
Re1 Qf6 9. d4 O-O 10. Rxe5 c6 11. Bxd5 cxd5 12. Rxd5 Bb6 13. Bg5 Qc6 14. Nc3
Be6 15. Re5 f6 16. d5 Bxd5 17. Nxd5 Bc5 18. Ne7+ Bxe7 19. Rxe7 fxg5 20. Qg4 Qf6
21. Qc4+ Kh8 22. Rxb7 Rac8 23. Qe2 Rce8 1/2-1/2

[Event "DEM U10 2012"]
[Site "Oberhof GER"]
[Date "2012.05.30"]
[Round "6"]
[White "Demme, Miriam"]
[Black "Finke, Daniel"]
[Result "1-0"]
[Termination "normal"]
[Board "28"]
[WhiteElo "1207"]
[BlackElo "989"]
[PlyCount "95"]
[WhiteFideId "12966703"]
[BlackFideId "16217675"]
[EventCountry "GER"]
[EventRounds "11"]
[EventType "swiss"]
[EventDate "2012.05.26"]

1. e4 e5 2. Nf3 Nc6 3. d4 exd4 4. Bc4 Nf6 5. e5 d5 6. Bb5 Ne4 7. Nxd4 Bd7 8.
O-O Nxd4 9. Bxd7+ Qxd7 10. Qxd4 Bc5 11. Qd3 O-O 12. Be3 Bb6 13. Bxb6 axb6 14.
Re1 Rad8 15. Nc3 c6 16. Nxe4 dxe4 17. Qxe4 f5 18. Qc4+ Kh8 19. e6 Qe7 20. Rad1
Rxd1 21. Rxd1 h6 22. Rd7 Qf6 23. Rf7 Rxf7 24. exf7 b5 25. Qb3 Qd6 26. Qd3 Qf6
27. Qd7 Kh7 28. Qe8 Qd6 29. g3 Qd1+ 30. Kg2 Qd5+ 31. Kh3 Qd6 32. f8=Q Qxf8 33.
Qxf8 h5 34. Qxf5+ Kh8 35. Qxh5+ Kg8 36. f4 b4 37. f5 b3 38. cxb3 c5 39. g4 c4
40. bxc4 b5 41. cxb5 g6 42. Qxg6+ Kh8 43. Qa6 Kg8 44. b6 Kh8 45. b7 Kg8 46.
b8=R+ Kh7 47. Rb7+ Kh8 48. Qa8# 1-0

[Event "DEM U10 2012"]
[Site "Oberhof GER"]
[Date "2012.05.30"]
[Round "6"]
[White "Gazizov, Max"]
[Black "Wastian, Mareike"]
[Result "1-0"]
[Termination "normal"]
[Board "29"]
[WhiteElo "1009"]
[BlackElo "1174"]
[PlyCount "59"]
[WhiteFideId "12951323"]
[BlackFideId "12947423"]
[EventCountry "GER"]
[EventRounds "11"]
[EventType "swiss"]
[EventDate "2012.05.26"]

1. e4 c6 2. d4 d5 3. e5 Bf5 4. h4 h5 5. Nf3 e6 6. c4 Ne7 7. Bg5 Qc7 8. Nc3 Bg4
9. cxd5 cxd5 10. Bb5+ Nbc6 11. Bxe7 Bxe7 12. O-O O-O 13. Bxc6 Qxc6 14. g3 Rac8
15. Kg2 Qc4 16. Rc1 Qb4 17. Qd2 Rfd8 18. Rc2 Rc6 19. Rd1 Rdc8 20. Rb1 Qa5 21.
Rbc1 Qd8 22. Ne2 Rxc2 23. Rxc2 Rxc2 24. Qxc2 Qa5 25. Qc8+ Bf8 26. Qxb7 Qxa2 27.
Ng5 Ba3 28. Qxf7+ Kh8 29. Qe8+ Bf8 30. Qxf8# 1-0

[Event "DEM U10 2012"]
[Site "Oberhof GER"]
[Date "2012.05.30"]
[Round "6"]
[White "Voß, Henrike"]
[Black "Könze, Heike"]
[Result "1-0"]
[Termination "normal"]
[Board "30"]
[WhiteElo "1002"]
[BlackElo "1172"]
[PlyCount "73"]
[WhiteFideId "12971910"]
[BlackFideId "12964476"]
[EventCountry "GER"]
[EventRounds "11"]
[EventType "swiss"]
[EventDate "2012.05.26"]

1. e4 e6 2. Nc3 Nc6 3. d4 d5 4. Be3 dxe4 5. Nxe4 Nf6 6. f3 Be7 7. Bc4 O-O 8.
Ne2 b6 9. c3 Bb7 10. N2g3 Na5 11. Bb3 Nxb3 12. axb3 Bd6 13. Qc2 e5 14. Bg5 Be7
15. Be3 exd4 16. cxd4 Re8 17. Nc3 Bb4 18. Kf2 Bxc3 19. bxc3 Nd5 20. Rhe1 Qh4
21. Bd2 a5 22. h3 Nf6 23. Qf5 h6 24. Qb5 Ba6 25. Rxe8+ Nxe8 26. Qc6 Rc8 27. b4
Nd6 28. bxa5 Bb7 29. Qd7 bxa5 30. Rxa5 Nc4 31. Ra7 Bxf3 32. Qxc8+ Kh7 33. Qf5+
Kg8 34. Qxf3 Nxd2 35. Ra8+ Kh7 36. Qf5+ g6 37. Qxf7# 1-0

[Event "DEM U10 2012"]
[Site "Oberhof GER"]
[Date "2012.05.30"]
[Round "6"]
[White "Feil, Alexander"]
[Black "Bykov, Ilona"]
[Result "0-1"]
[Termination "normal"]
[Board "31"]
[WhiteElo "1162"]
[BlackElo "937"]
[PlyCount "120"]
[WhiteFideId "4002954"]
[BlackFideId "12964433"]
[EventCountry "GER"]
[EventRounds "11"]
[EventType "swiss"]
[EventDate "2012.05.26"]

1. e4 e5 2. d4 exd4 3. c3 d5 4. exd5 Qxd5 5. Nf3 Nf6 6. cxd4 Bf5 7. Nc3 Qd7 8.
Qe2+ Be7 9. Qb5 Qxb5 10. Nxb5 Bd6 11. Bc4 O-O 12. O-O Nc6 13. Nxd6 cxd6 14. Re1
d5 15. Bb5 Rfe8 16. Bg5 Ne4 17. h4 h6 18. Bf4 a6 19. Ba4 b5 20. Bb3 Rad8 21.
Rad1 Bg4 22. a3 Bxf3 23. gxf3 Nf6 24. Rxe8+ Rxe8 25. Be3 Ne7 26. Rc1 Nf5 27.
Rc3 Nxh4 28. Bf4 Ng6 29. Bg3 Nh5 30. Bxd5 Re1+ 31. Kg2 Nhf4+ 32. Kh2 Nxd5 33.
Rc8+ Kh7 34. Rd8 Ngf4 35. Bxf4 Nxf4 36. d5 Rd1 37. d6 Ne6 38. Rd7 f5 39. Kg2 f4
40. b4 Kg6 41. Kh3 Kh5 42. Kh2 Kh4 43. Kg2 g5 44. Rh7 h5 45. d7 Nf8 46. d8=Q
Rxd8 47. Rh8 Ne6 48. Rh6 Nd4 49. Rxa6 Re8 50. a4 bxa4 51. Rxa4 Re1 52. b5 Nxb5
53. Ra1 Rxa1 54. Kh2 Ra2 55. Kg2 g4 56. fxg4 hxg4 57. Kf1 f3 58. Ke1 g3 59.
fxg3+ Kxg3 60. Kf1 Ra1# 0-1

[Event "DEM U10 2012"]
[Site "Oberhof GER"]
[Date "2012.05.30"]
[Round "6"]
[White "Lindow, Max"]
[Black "Oganessjan, Artur"]
[Result "1-0"]
[Termination "normal"]
[Board "32"]
[WhiteElo "1128"]
[BlackElo "961"]
[PlyCount "107"]
[WhiteFideId "16211057"]
[BlackFideId "12986062"]
[EventCountry "GER"]
[EventRounds "11"]
[EventType "swiss"]
[EventDate "2012.05.26"]

1. e4 e5 2. Nf3 Nc6 3. d4 exd4 4. Nxd4 Bc5 5. Be3 Qf6 6. c3 Nge7 7. Be2 O-O 8.
O-O d6 9. f4 Bxd4 10. cxd4 d5 11. e5 Qf5 12. Bd3 Qd7 13. Rf3 Nf5 14. Rh3 h6 15.
a3 Nxe3 16. Rxe3 Nxd4 17. Bh7+ Kxh7 18. Qxd4 c5 19. Qxc5 Re8 20. Rd3 Rd8 21.
Qc2 Kg8 22. Nc3 Qc6 23. Qd2 Be6 24. Rd1 d4 25. Rxd4 Qc5 26. Kh1 Rxd4 27. Qxd4
Qxd4 28. Rxd4 Rc8 29. h3 a6 30. g4 g6 31. Rd6 h5 32. gxh5 gxh5 33. Kh2 Kg7 34.
Kg3 Kg6 35. Kh4 Kh6 36. f5 Re8 37. fxe6 fxe6 38. Nd5 Rd8 39. Rxd8 exd5 40. Rd6+
Kg7 41. Kxh5 Kf7 42. Kg5 d4 43. Rxd4 b6 44. h4 b5 45. h5 b4 46. h6 bxa3 47.
bxa3 a5 48. Rd6 a4 49. h7 Kg7 50. h8=Q+ Kxh8 51. Rd7 Kg8 52. Kf6 Kh8 53. Kg6
Kg8 54. Rd8# 1-0

[Event "DEM U10 2012"]
[Site "Oberhof GER"]
[Date "2012.05.30"]
[Round "6"]
[White "Gauchel, Verena"]
[Black "Brehm, Mirja"]
[Result "0-1"]
[Termination "normal"]
[Board "33"]
[WhiteElo "911"]
[BlackElo "1097"]
[PlyCount "97"]
[WhiteFideId "12988537"]
[EventCountry "GER"]
[EventRounds "11"]
[EventType "swiss"]
[EventDate "2012.05.26"]

1. d4 d5 2. Nf3 e6 3. c4 Nf6 4. cxd5 exd5 5. Nc3 c6 6. Bg5 Be7 7. e3 h6 8. Bxf6
Bxf6 9. Be2 O-O 10. O-O Re8 11. Rc1 Nd7 12. Qd3 Qe7 13. Bd1 Nf8 14. Re1 Ng6 15.
e4 dxe4 16. Rxe4 Qd8 17. Rxe8+ Qxe8 18. d5 cxd5 19. Qxd5 Qe6 20. Qxe6 Bxe6 21.
a3 Rc8 22. Nd2 Bg5 23. Rc2 Bf5 24. Nde4 Bxe4 25. Nxe4 Rxc2 26. Bxc2 Bc1 27. Nd6
Bxb2 28. Nxb7 Bxa3 29. Bxg6 fxg6 30. Kf1 Kf7 31. Ke2 Ke7 32. Kd3 Bd6 33. Nxd6
Kxd6 34. Kc4 Kc6 35. Kb4 Kb6 36. Ka4 a5 37. g3 g5 38. h3 h5 39. g4 hxg4 40.
hxg4 Ka6 41. f3 Kb6 42. Kb3 Kb5 43. Ka3 a4 44. Kb2 Kb4 45. Ka2 a3 46. Kb1 Kb3
47. Ka1 a2 48. f4 gxf4 49. g5 0-1

[Event "DEM U10 2012"]
[Site "Oberhof GER"]
[Date "2012.05.30"]
[Round "6"]
[White "Kobald, Jacqueline"]
[Black "Baladjaev, Leyla"]
[Result "1-0"]
[Termination "normal"]
[Board "36"]
[WhiteElo "926"]
[BlackElo "1113"]
[PlyCount "23"]
[WhiteFideId "12988162"]
[BlackFideId "12960217"]
[EventCountry "GER"]
[EventRounds "11"]
[EventType "swiss"]
[EventDate "2012.05.26"]

1. e4 c6 2. d4 d6 3. Nf3 Nd7 4. Bc4 h6 5. O-O e5 6. dxe5 dxe5 7. Bxf7+ Kxf7 8.
Nxe5+ Ke8 9. Qh5+ Ke7 10. Ng6+ Kd6 11. Bf4+ Ke6 12. Qf5# 1-0

[Event "DEM U10 2012"]
[Site "Oberhof GER"]
[Date "2012.05.30"]
[Round "6"]
[White "Schumacher, Simon"]
[Black "Kirsten, Annika"]
[Result "0-1"]
[Termination "normal"]
[Board "37"]
[WhiteElo "968"]
[BlackElo "957"]
[PlyCount "56"]
[WhiteFideId "12957518"]
[BlackFideId "12961124"]
[EventCountry "GER"]
[EventRounds "11"]
[EventType "swiss"]
[EventDate "2012.05.26"]

1. e4 e5 2. Nf3 Nc6 3. d4 f6 4. Nc3 Bb4 5. Qd3 d5 6. Bd2 Nge7 7. Be2 Bg4 8. O-O
O-O 9. a3 Ba5 10. b4 Bb6 11. dxe5 fxe5 12. exd5 Bf5 13. Qc4 Nd4 14. Nxd4 Bxd4
15. d6+ Kh8 16. dxe7 Qxe7 17. Rac1 Qf6 18. Be3 Bb6 19. Nd5 Qg6 20. Qh4 Qe6 21.
Ne7 Rae8 22. Nxf5 Rxf5 23. Bd3 e4 24. Be2 Rf6 25. Bxb6 axb6 26. Rce1 Rh6 27.
Qg4 Qe5 28. Bd3 Qxh2# 0-1

[Event "DEM U10 2012"]
[Site "Oberhof GER"]
[Date "2012.05.30"]
[Round "6"]
[White "Ewerhardy, Moritz"]
[Black "Flach, Helene"]
[Result "0-1"]
[Termination "normal"]
[Board "38"]
[WhiteElo "832"]
[BlackElo "974"]
[PlyCount "90"]
[WhiteFideId "36052086"]
[BlackFideId "12929735"]
[EventCountry "GER"]
[EventRounds "11"]
[EventType "swiss"]
[EventDate "2012.05.26"]

1. e4 e5 2. Nf3 Nc6 3. Bc4 Bc5 4. Nc3 Nf6 5. d3 d6 6. Bg5 h6 7. Bxf6 Qxf6 8.
Nd5 Qd8 9. c3 O-O 10. h3 Be6 11. b4 Bb6 12. a4 a6 13. b5 axb5 14. axb5 Rxa1 15.
Qxa1 Ne7 16. d4 exd4 17. cxd4 Nxd5 18. exd5 Bf5 19. Qc1 Re8+ 20. Be2 Bd3 21.
Ne5 Bxe2 22. Kxe2 dxe5 23. Qa3 exd4+ 24. Kf1 Qe7 25. Qg3 Qe2+ 26. Kg1 Qxb5 27.
Kh2 Qxd5 28. Qd3 Qe5+ 29. g3 Qe2 30. Qf5 d3 31. Kg2 Qe4+ 32. Qxe4 Rxe4 33. Rd1
Rd4 34. h4 d2 35. Kf3 Ba5 36. Ke3 Rd6 37. Ke2 Re6+ 38. Kd3 Re1 39. Kc2 f6 40.
f4 Kf7 41. g4 Ke6 42. h5 c5 43. f5+ Ke5 44. g5 Kxf5 45. gxh6 gxh6 0-1

[Event "DEM U10 2012"]
[Site "Oberhof GER"]
[Date "2012.05.30"]
[Round "6"]
[White "Petrow, Jonas"]
[Black "Kurz, Annika"]
[Result "1/2-1/2"]
[Termination "normal"]
[Board "39"]
[WhiteElo "1067"]
[BlackElo "881"]
[PlyCount "91"]
[WhiteFideId "12991805"]
[EventCountry "GER"]
[EventRounds "11"]
[EventType "swiss"]
[EventDate "2012.05.26"]

1. e4 e5 2. d4 Nc6 3. d5 Nb8 4. Nc3 Bb4 5. Bd2 d6 6. Nf3 Bg4 7. Bc4 Nf6 8. h3
Bh5 9. Qe2 O-O 10. O-O c6 11. a3 Bc5 12. Qd3 Nbd7 13. b4 b5 14. Bb3 Bb6 15.
dxc6 Nb8 16. Nxb5 Bc7 17. Bg5 h6 18. Bxf6 Qxf6 19. Bd5 Na6 20. Rfe1 Rad8 21.
Re3 Bb6 22. Ree1 g5 23. g4 Bg6 24. Kg2 Nc7 25. Nxc7 Bxc7 26. Qa6 Ra8 27. a4
Rfb8 28. Qd3 Rxb4 29. Reb1 Rxb1 30. Rxb1 Rb8 31. Rxb8+ Bxb8 32. Qb5 Bc7 33. Qb7
Bd8 34. c7 Bxc7 35. Qxc7 Qf4 36. Qxd6 Bxe4 37. Bxe4 Qxe4 38. Qxe5 Qxa4 39. Qb8+
Kg7 40. Qe5+ Kg8 41. Qf5 a5 42. Ne5 Qe8 43. Nc4 Qc6+ 44. Kg3 Qxc4 45. Qxa5 Qxc2
46. Qd8+ 1/2-1/2

[Event "DEM U10 2012"]
[Site "Oberhof GER"]
[Date "2012.05.30"]
[Round "6"]
[White "Bürmann, Theresia"]
[Black "Giss, Alexander"]
[Result "1-0"]
[Termination "normal"]
[Board "40"]
[WhiteElo "981"]
[BlackElo "877"]
[PlyCount "97"]
[WhiteFideId "12960241"]
[BlackFideId "16260414"]
[EventCountry "GER"]
[EventRounds "11"]
[EventType "swiss"]
[EventDate "2012.05.26"]

1. e4 e5 2. Nf3 Nc6 3. Bc4 Bc5 4. O-O d6 5. Nc3 Bg4 6. Be2 Bxf3 7. Bxf3 Nf6 8.
d3 h6 9. a3 Qd7 10. Nd5 O-O-O 11. Nxf6 gxf6 12. Bg4 f5 13. Bxf5 Qxf5 14. exf5
Rdg8 15. Be3 Bxe3 16. fxe3 Rg5 17. b4 Rhg8 18. g3 Ne7 19. e4 d5 20. b5 b6 21.
c4 Rd8 22. cxd5 Ng8 23. Rc1 Rd7 24. Qc2 Nf6 25. d6 Ne8 26. dxc7 Rxc7 27. Qb3
Rc5 28. Rxc5+ bxc5 29. Qd5 Nf6 30. Qc6+ Kb8 31. Qxf6 Rh5 32. Qxe5+ Kb7 33. Qd5+
Kc7 34. Qxf7+ Kd6 35. Qxh5 Ke7 36. Qxh6 Kd8 37. Rc1 Kd7 38. Rxc5 Kd8 39. Re5
Kd7 40. Qa6 Kc7 41. Qxa7+ Kd6 42. Qd4+ Kc7 43. Rc5+ Kb6 44. a4 Ka5 45. Qc3+ Kb6
46. Rc6+ Kb7 47. Qg7+ Kb8 48. Rf6 Kc8 49. Rf8# 1-0

[Event "DEM U10 2012"]
[Site "Oberhof GER"]
[Date "2012.05.30"]
[Round "6"]
[White "Silber, Fabian"]
[Black "Pantsernaya, Sofya"]
[Result "0-1"]
[Termination "normal"]
[Board "41"]
[WhiteElo "838"]
[BlackElo "953"]
[PlyCount "98"]
[WhiteFideId "12947288"]
[BlackFideId "12993182"]
[EventCountry "GER"]
[EventRounds "11"]
[EventType "swiss"]
[EventDate "2012.05.26"]

1. e4 d5 2. exd5 Nf6 3. d4 Nxd5 4. Nf3 e6 5. Be2 Be7 6. O-O O-O 7. c4 Nb6 8. c5
Nd5 9. Ne5 Nd7 10. Nxd7 Qxd7 11. Bd3 b6 12. Qh5 g6 13. Nc3 gxh5 14. Nxd5 Qxd5
15. Bh6 Bb7 16. f3 Rfd8 17. Be3 bxc5 18. Be4 Qc4 19. Bxb7 Rab8 20. Be4 cxd4 21.
Bf4 f5 22. Bb1 d3 23. b3 Qd4+ 24. Kh1 Qxa1 25. h3 Qd4 26. g3 d2 27. Rd1 e5 28.
Rxd2 Qxd2 29. Bxd2 Rxd2 30. Bxf5 Rd1+ 31. Kg2 Rbd8 32. g4 h4 33. f4 R8d2+ 34.
Kf3 Re1 35. g5 exf4 36. Kxf4 Rf2+ 37. Kg4 Rg1+ 38. Kh5 Rxf5 39. Kh6 Bxg5+ 40.
Kh5 Bf4+ 41. Kxh4 Bg3+ 42. Kg4 Rf4+ 43. Kg5 Bh2+ 44. Kh5 Bg3 45. Kg5 Rf2 46.
Kg4 Bd6+ 47. Kh4 Be7+ 48. Kh5 Rh2 49. h4 Rxh4# 0-1

[Event "DEM U10 2012"]
[Site "Oberhof GER"]
[Date "2012.05.30"]
[Round "6"]
[White "Kukulina, Sonja"]
[Black "Schmiederer, Luisa"]
[Result "1-0"]
[Termination "normal"]
[Board "42"]
[WhiteElo "948"]
[BlackElo "850"]
[PlyCount "143"]
[WhiteFideId "12977047"]
[EventCountry "GER"]
[EventRounds "11"]
[EventType "swiss"]
[EventDate "2012.05.26"]

1. c4 e5 2. Nc3 Nf6 3. g3 d6 4. Bg2 c6 5. e3 Be7 6. Nge2 Nbd7 7. O-O O-O 8. Rb1
Ng4 9. f3 Ngf6 10. b4 d5 11. Qb3 Nb6 12. c5 Nbd7 13. d4 b6 14. cxb6 axb6 15.
Rf2 exd4 16. Nxd4 Ne5 17. Re2 Bb7 18. a4 c5 19. bxc5 Bxc5 20. Ba3 Nd3 21. Rd2
Bxa3 22. Rxd3 Bc5 23. Nde2 Bc8 24. Nxd5 Be6 25. Nxf6+ Qxf6 26. Qc3 Bf5 27. Qxf6
gxf6 28. Rdd1 Bxb1 29. Rxb1 Rxa4 30. Rd1 Ra2 31. Nf4 Bxe3+ 32. Kh1 Kg7 33. h3
Rc8 34. Nd3 Rcc2 35. Nb4 Rxg2 36. Nxa2 Rxa2 37. Re1 Bd4 38. Rd1 Bc5 39. Re1 Rc2
40. Rd1 b5 41. Rb1 b4 42. Rb3 Kf8 43. f4 Rc3 44. Rb2 Ke7 45. Re2+ Kd6 46. Rd2+
Kc6 47. Rb2 Kb5 48. Kg2 Kc4 49. Kf1 b3 50. Ke1 Rc2 51. Rb1 Kc3 52. Kd1 b2 53.
f5 Rd2+ 54. Ke1 Kc2 55. Rxb2+ Kd3 56. Rxd2+ Ke3 57. Rd7 Bb4+ 58. Kf1 Kf3 59.
Rxf7 h5 60. Rxf6 Kxg3 61. Rg6+ Kxh3 62. Kf2 h4 63. Kf3 Kh2 64. f6 h3 65. Rg8
Kh1 66. Rc8 Be1 67. Rc1 Kg1 68. Rxe1+ Kh2 69. Re2+ Kh1 70. f7 Kg1 71. f8=Q h2
72. Re1# 1-0

[Event "DEM U10 2012"]
[Site "Oberhof GER"]
[Date "2012.05.30"]
[Round "6"]
[White "Schönweiler, Elisabeth"]
[Black "Leib, Amina"]
[Result "1-0"]
[Termination "normal"]
[Board "44"]
[WhiteElo "832"]
[BlackElo "754"]
[PlyCount "29"]
[WhiteFideId "12997005"]
[BlackFideId "12982970"]
[EventCountry "GER"]
[EventRounds "11"]
[EventType "swiss"]
[EventDate "2012.05.26"]

1. e4 e5 2. Nf3 Nc6 3. Bc4 Nf6 4. d3 Bc5 5. Nc3 O-O 6. Bg5 h6 7. Bh4 d6 8. h3
Re8 9. Nd5 Nd4 10. Nxf6+ gxf6 11. Qd2 Be6 12. Qxh6 Nxc2+ 13. Kd1 Re7 14. Bxf6
Qf8 15. Qh8# 1-0